Zufällige amerikanische Länder auf einer Karte - Statistiken

Allgemein
  • Dieses Quiz wurde 27.930 mal gespielt
  • Das Durchschnittsergebnis liegt bei 9 aus 12
Antworten auf der Karte
Die Antworten werden auf der Karte rot bzw. grün angezeigt, abhängig davon wie oft sie richtig erraten wurden.
 
Antwortstatistiken
Land % Korrekt
Kanada
99%
Vereinigte Staaten
99%
Brasilien
98%
Mexiko
98%
Chile
95%
Argentinien
94%
Peru
91%
Kolumbien
89%
Kuba
89%
Panama
89%
Uruguay
87%
Venezuela
87%
Bolivien
86%
Paraguay
85%
Ecuador
83%
Haiti
79%
Bahamas
77%
Dominikanische Republik
77%
Guyana
77%
Costa Rica
76%
Suriname
76%
Honduras
74%
Jamaika
74%
El Salvador
73%
Guatemala
73%
Nicaragua
73%
Belize
71%
St. Lucia
59%
Trinidad und Tobago
59%
St. Kitts und Nevis
57%
St. Vincent und die Grenadinen
54%
Barbados
50%
Grenada
50%
Antigua und Barbuda
48%
Dominica
48%
Keine übereinstimmenden Quizze gefunden
Verteilung der Resultate
Anzahl Personen mit jedem Resultat
Perzentil nach korrekt beantworteten Fragen
Ihre Resultats-Entwicklung
Sie haben dieses Quiz noch nicht gespielt